000 00275nam a2200109Ia 4500
008 190907s9999||||xx |||||||||||||| ||und||
100 _aCoulouris, George
245 0 _aDistributed Systems Concepts and Design
260 _aUSA
_bMcGraw-Hill
_c2000
300 _a644
942 _cBK
999 _c6493
_d6493